[Event "Queensland-ch"]
[Site "Brisbane"]
[Date "2019.10.06"]
[Round "6"]
[White "Post, Martin J"]
[Black "Davis, Tony J"]
[Result "0-1"]
[WhiteElo "1753"]
[BlackElo "1840"]
[PlyCount "63"]
[EventDate "2019.10.03"]
[EventType "swiss"]
[EventRounds "9"]
[EventCountry "AUS"]
[SourceTitle "EXT 2021"]
[Source "ChessBase"]
[SourceDate "2020.10.23"]
[SourceVersion "1"]
[SourceVersionDate "2020.10.23"]
[SourceQuality "1"]

1. Nf3 d5 2. b3 Bg4 3. Bb2 e6 4. g3 Bxf3 5. exf3 Nf6 6. Bg2 c5 7. f4 Nc6 8. 0-0 Be7 9. d3 0-0 10. Nd2 Nd7 11. f5 Bf6 12. fxe6 Bxb2 13. Rb1 Bc3 14. exd7 Qxd7 15. Re1 Rfe8 16. Rxe8+ Rxe8 17. Nf3 g6 18. Kf1 Nd4 19. Nxd4 Re1+ 20. Qxe1 Bxe1 21. Rxe1 cxd4 22. Re5 Qc7 23. Re2 Qc5 24. Bf3 Kg7 25. a4 Kf6 26. Ke1 g5 27. Kd1 Qc6 28. h3 Kg6 29. Re5 Qf6 30. Re1 Qd6 31. Re2 Qc6 32. g4 0-1

[Event "Queensland-ch"]
[Site "Brisbane"]
[Date "2019.10.06"]
[Round "7"]
[White "Wang, Jason2222"]
[Black "Post, Martin J"]
[Result "0-1"]
[WhiteElo "1860"]
[BlackElo "1753"]
[PlyCount "141"]
[EventDate "2019.10.03"]
[EventType "swiss"]
[EventRounds "9"]
[EventCountry "AUS"]
[SourceTitle "EXT 2021"]
[Source "ChessBase"]
[SourceDate "2020.10.23"]
[SourceVersion "1"]
[SourceVersionDate "2020.10.23"]
[SourceQuality "1"]

1. e4 c5 2. Nf3 g6 3. c4 Bg7 4. Nc3 Nc6 5. d3 a6 6. Bd2 e6 7. g3 Nge7 8. Bg2 d6 9. 0-0 Rb8 10. Rb1 b5 11. b3 0-0 12. Ne1 Nd4 13. Ne2 Nec6 14. Nxd4 Nxd4 15. f4 Qc7 16. Nc2 Bd7 17. Kh1 b4 18. Ne3 f5 19. Bc1 Bc6 20. Nc2 Qb7 21. Nxd4 Bxd4 22. Qe2 Rbe8 23. Bb2 Qg7 24. e5 Bxg2+ 25. Kxg2 dxe5 26. fxe5 Rd8 27. Bxd4 Rxd4 28. Rf4 Qd7 29. Rd1 Rd8 30. Rxd4 Qxd4 31. Kf3 h6 32. h3 Kg7 33. Qe3 g5 34. Qxd4 Rxd4 35. Ke2 Kg6 36. Rf1 h5 37. Rg1 g4 38. hxg4 Rxg4 39. Kf2 Kg5 40. Kf3 Rd4 41. Rd1 f4 42. gxf4+ Rxf4+ 43. Ke3 Kf5 44. Rh1 h4 45. Rg1 h3 46. Rh1 Rh4 47. Kf3 h2 48. Kg2 Kxe5 49. Re1+ Kd4 50. Kh1 e5 51. Re2 Rh3 52. Re4+ Kxd3 53. Rxe5 Re3 54. Rxc5 Re1+ 55. Kxh2 Re2+ 56. Kg3 Rxa2 57. Rc8 Kc3 58. c5 Kxb3 59. c6 a5 60. Ra8 Rc2 61. Rxa5 Rxc6 62. Rb5 Kc3 63. Kf3 b3 64. Ke2 Kc2 65. Rd5 Re6+ 66. Kf2 Rb6 67. Rc5+ Kd3 68. Rd5+ Kc4 69. Rd1 b2 70. Rb1 Kc3 71. Ke1 0-1

[Event "Queensland-ch"]
[Site "Brisbane"]
[Date "2019.10.04"]
[Round "2"]
[White "Lam, Ross"]
[Black "Post, Martin J"]
[Result "1/2-1/2"]
[WhiteElo "2032"]
[BlackElo "1753"]
[PlyCount "84"]
[EventDate "2019.10.03"]
[EventType "swiss"]
[EventRounds "9"]
[EventCountry "AUS"]
[SourceTitle "EXT 2021"]
[Source "ChessBase"]
[SourceDate "2020.10.23"]
[SourceVersion "1"]
[SourceVersionDate "2020.10.23"]
[SourceQuality "1"]

1. d4 Nf6 2. c4 c5 3. d5 e6 4. Nc3 exd5 5. cxd5 d6 6. e4 g6 7. h3 Bg7 8. Nf3 0-0 9. Bd3 a6 10. a4 Qc7 11. 0-0 Nbd7 12. Bf4 Re8 13. Re1 Nh5 14. Bh2 Ne5 15. Be2 Nxf3+ 16. Bxf3 Nf6 17. e5 dxe5 18. d6 Qb6 19. Bxe5 Bd7 20. a5 Qb4 21. Ra3 c4 22. Qd4 Re6 23. Re2 Rae8 24. Bd5 Rxe5 25. Rxe5 Rxe5 26. Qxe5 Nxd5 27. Nxd5 Bxe5 28. Nxb4 Bxd6 29. Nc2 Bxa3 30. Nxa3 Bb5 31. Kh2 Kf8 32. Kg3 Ke7 33. Kf4 f6 34. Ke3 c3 35. bxc3 Bf1 36. Kf3 Kd6 37. h4 f5 38. g3 Kd5 39. Kf4 Bd3 40. Ke3 Bf1 41. Kf4 Bd3 42. Ke3 Bf1 1/2-1/2

[Event "Queensland-ch"]
[Site "Brisbane"]
[Date "2019.10.04"]
[Round "3"]
[White "Post, Martin J"]
[Black "Garbett, Paul Anthony"]
[Result "0-1"]
[WhiteElo "1753"]
[BlackElo "2172"]
[PlyCount "104"]
[EventDate "2019.10.03"]
[EventType "swiss"]
[EventRounds "9"]
[EventCountry "AUS"]
[SourceTitle "EXT 2021"]
[Source "ChessBase"]
[SourceDate "2020.10.23"]
[SourceVersion "1"]
[SourceVersionDate "2020.10.23"]
[SourceQuality "1"]

1. Nf3 Nf6 2. d3 d5 3. g3 g6 4. b3 Bg7 5. Bb2 c5 6. Bg2 0-0 7. Nbd2 d4 8. 0-0 Nc6 9. e3 e5 10. Nc4 Nd5 11. exd4 exd4 12. Re1 Be6 13. Qd2 h6 14. Nfe5 Nxe5 15. Nxe5 Re8 16. Re2 Qf6 17. Rae1 Red8 18. a4 a5 19. Nc4 b6 20. f4 Rac8 21. Re5 Rb8 22. f5 gxf5 23. Qf2 Ne3 24. R5xe3 dxe3 25. Rxe3 Qg5 26. h4 Qg6 27. Ne5 Qf6 28. Nc4 Qe7 29. Bxg7 Kxg7 30. Qxf5 Qf6 31. Qxf6+ Kxf6 32. Ne5 Rbc8 33. Nc6 Rd7 34. Rf3+ Kg7 35. Ne5 Re7 36. Re3 Bxb3 37. cxb3 Rce8 38. Bc6 Rxe5 39. Rxe5 Rxe5 40. Kf2 Kf6 41. Be4 Re7 42. g4 Ke5 43. Ke3 f6 44. h5 Rd7 45. Bg6 Rd4 46. Kf3 Rf4+ 47. Kg3 Rf1 48. Bf7 Kd4 49. Bc4 Ke3 50. Kg2 Rd1 51. Bb5 Kf4 52. Kh3 Rg1 0-1

[Event "Auckland North Shore op 45th"]
[Site "Auckland"]
[Date "2018.08.25"]
[Round "1"]
[White "Post, Martin J"]
[Black "Morrell, Gordon"]
[Result "1/2-1/2"]
[WhiteElo "1814"]
[BlackElo "2080"]
[PlyCount "88"]
[EventDate "2018.08.25"]
[EventType "swiss"]
[EventRounds "5"]
[EventCountry "NZL"]
[SourceTitle "EXT 2021"]
[Source "ChessBase"]
[SourceDate "2020.10.23"]
[SourceVersion "1"]
[SourceVersionDate "2020.10.23"]
[SourceQuality "1"]

1. e4 c5 2. Nc3 Nc6 3. f4 a6 4. a4 g6 5. Nf3 Bg7 6. Bc4 d6 7. 0-0 Nf6 8. d3 0-0 9. Kh1 Bg4 10. Be3 Nd4 11. Qd2 Bxf3 12. gxf3 e6 13. Qf2 Nh5 14. a5 Qf6 15. e5 dxe5 16. Ne4 Qe7 17. fxe5 Bxe5 18. c3 Nf5 19. Bxc5 Qc7 20. Bxf8 Rxf8 21. Rfe1 Rc8 22. Bb3 Qd8 23. d4 Bc7 24. Nc5 Qg5 25. Qg2 Qh6 26. Ne4 Qf4 27. Qf2 Qh6 28. Kg1 Bf4 29. d5 exd5 30. Bxd5 Be3 31. Rxe3 Nxe3 32. Bxb7 Rb8 33. Bxa6 f5 34. Re1 fxe4 35. Rxe3 Nf4 36. Qg3 Rxb2 37. Bc4+ Kg7 38. Rxe4 Nh3+ 39. Kf1 Rf2+ 40. Qxf2 Nxf2 41. Kxf2 Qxh2+ 42. Ke3 Qg1+ 43. Kd3 Qd1+ 44. Ke3 Qg1+ 1/2-1/2

[Event "Waikato op"]
[Site "Hamilton"]
[Date "2018.07.28"]
[Round "3"]
[White "Dare, Richard"]
[Black "Post, Martin J"]
[Result "1-0"]
[WhiteElo "1940"]
[BlackElo "1815"]
[PlyCount "147"]
[EventDate "2018.07.27"]
[EventType "swiss"]
[EventRounds "6"]
[EventCountry "NZL"]
[SourceTitle "CBM 186 Extra"]
[Source "ChessBase"]
[SourceDate "2018.08.24"]
[SourceVersion "1"]
[SourceVersionDate "2018.08.24"]
[SourceQuality "1"]

1. d4 d5 2. e3 Nf6 3. c4 c6 4. Nc3 Bf5 5. Qb3 b6 6. cxd5 Nxd5 7. Nf3 Nxc3 8. bxc3 e6 9. Be2 Bd6 10. 0-0 0-0 11. Nd2 Qh4 12. g3 Qf6 13. e4 Bh3 14. e5 Qg6 15. exd6 Bxf1 16. Nxf1 Nd7 17. Bf3 Rfc8 18. a4 Rab8 19. Ba3 c5 20. Qb5 Nf6 21. dxc5 bxc5 22. Qa6 Qf5 23. Kg2 e5 24. Ne3 Qe6 25. Bb7 Rd8 26. Bxc5 Qb3 27. Bb4 e4 28. Rd1 Ng4 29. Re1 Nf6 30. Qxa7 Qa2 31. Nf5 Qd2 32. Re3 Ng4 33. Rxe4 Rxb7 34. Qd4 Qxd4 35. Rxd4 Nf6 36. a5 Nd7 37. a6 Rb5 38. Ne7+ Kf8 39. Rc4 Ra8 40. Rc7 Ke8 41. a7 Rb6 42. Nd5 Ra6 43. Bc5 Nxc5 44. Rxc5 Kd8 45. Nc7 R8xa7 46. Nxa6 Rxa6 47. Rd5 Rc6 48. Rd3 Kd7 49. Kf3 Rc4 50. Ke3 f5 51. f3 g5 52. Kd2 f4 53. g4 Ra4 54. Ke2 Ra2+ 55. Rd2 Ra1 56. Rd5 h6 57. h4 Ra2+ 58. Kd3 Rf2 59. Ke4 gxh4 60. Rh5 Rc2 61. Kxf4 Rxc3 62. Rxh4 Kxd6 63. Rxh6+ Ke7 64. Rb6 Rc5 65. Kg3 Kf8 66. f4 Rc4 67. f5 Kg7 68. Kh4 Rd4 69. Kh5 Rc4 70. g5 Rc7 71. f6+ Kg8 72. g6 Rc8 73. Kh6 Rd8 74. Rb7 1-0

[Event "Palmy Knights op"]
[Site "Palmerston North"]
[Date "2018.01.09"]
[Round "6"]
[White "Post, Martin J"]
[Black "Noble, Mark Frederick"]
[Result "0-1"]
[WhiteElo "1850"]
[BlackElo "2206"]
[PlyCount "58"]
[EventDate "2018.01.02"]
[EventType "swiss"]
[EventRounds "6"]
[EventCountry "NZL"]
[SourceTitle "EXT 2019"]
[Source "ChessBase"]
[SourceDate "2018.10.10"]
[SourceVersion "1"]
[SourceVersionDate "2018.10.10"]
[SourceQuality "1"]

1. c4 c6 2. Nc3 d5 3. cxd5 cxd5 4. d4 Nf6 5. Bf4 e6 6. Bxb8 Rxb8 7. Qa4+ Bd7 8. Qb3 Qa5 9. f3 Bb4 10. a3 Bd6 11. e3 b5 12. Qa2 0-0 13. b4 Qd8 14. Bd3 a5 15. Qb2 axb4 16. axb4 Qe7 17. Rb1 e5 18. dxe5 Bxe5 19. Kd2 Rbc8 20. Nge2 Rxc3 21. Nxc3 Rc8 22. Rbc1 d4 23. exd4 Bf4+ 24. Kc2 Bxc1 25. Rxc1 Qe3 26. Be4 Nxe4 27. fxe4 Qxe4+ 28. Kd2 Qxd4+ 29. Ke1 Qg1+ 0-1

[Event "Palmy Knights op"]
[Site "Palmerston North"]
[Date "2018.01.04"]
[Round "3"]
[White "Post, Martin J"]
[Black "Seabrook, Roy"]
[Result "1/2-1/2"]
[WhiteElo "1850"]
[BlackElo "1784"]
[PlyCount "124"]
[EventDate "2018.01.02"]
[EventType "swiss"]
[EventRounds "6"]
[EventCountry "NZL"]
[SourceTitle "EXT 2019"]
[Source "ChessBase"]
[SourceDate "2018.10.10"]
[SourceVersion "1"]
[SourceVersionDate "2018.10.10"]
[SourceQuality "1"]

1. Nf3 Nc6 2. d4 Nf6 3. d5 Nb4 4. c4 c6 5. a3 Qa5 6. Bd2 e6 7. Nc3 Na6 8. b4 Qd8 9. Bg5 h6 10. Bh4 g5 11. Bg3 Nxb4 12. axb4 Bxb4 13. Qb3 a5 14. Nd2 Nh5 15. Be5 f6 16. Bd4 e5 17. Be3 d6 18. Na2 c5 19. Nxb4 cxb4 20. Qc2 f5 21. g4 Nf6 22. gxf5 b6 23. Ne4 Nxe4 24. Qxe4 Qf6 25. Bh3 Rb8 26. Bg4 h5 27. h4 hxg4 28. hxg5 Rxh1+ 29. Qxh1 Qxf5 30. Qh8+ Kd7 31. Qg7+ Kd8 32. g6 Bd7 33. Qh8+ Kc7 34. g7 Qg6 35. Bxb6+ Kb7 36. Qf8 b3 37. g8Q Qxg8 38. Qxd6 Qc8 39. Rxa5 Ra8 40. Rxa8 Qxa8 41. Qc7+ Ka6 42. Ba5 Qb7 43. Qxb7+ Kxb7 44. Kd2 Ka6 45. Bc3 Kb6 46. Bxe5 Kc5 47. Kd3 Bf5+ 48. e4 Bd7 49. Bb2 Bc8 50. e5 Bf5+ 51. Kc3 Bc2 52. Ba3+ Kb6 53. c5+ Kb5 54. e6 Bf5 55. Kxb3 Be4 56. d6 Bd5+ 57. Kc3 Bxe6 58. Kd4 Kc6 59. Ke5 Bd7 60. Kf6 Bc8 61. Ke7 Bd7 62. Kf6 Bc8 1/2-1/2

[Event "NZL-ch Major op"]
[Site "Palmerston North"]
[Date "2018.01.04"]
[Round "4"]
[White "Winfield, Alan W"]
[Black "Post, Martin J"]
[Result "0-1"]
[WhiteElo "1726"]
[BlackElo "1850"]
[PlyCount "52"]
[EventDate "2018.01.01"]
[EventType "swiss"]
[EventRounds "9"]
[EventCountry "NZL"]
[SourceTitle "EXT 2019"]
[Source "ChessBase"]
[SourceDate "2018.10.10"]
[SourceVersion "1"]
[SourceVersionDate "2018.10.10"]
[SourceQuality "1"]

1. d4 Nf6 2. Bf4 d5 3. e3 e6 4. c3 Bd6 5. Bg3 Ne4 6. Bd3 Nxg3 7. hxg3 h6 8. Nf3 Nd7 9. Nbd2 Nf6 10. Ne5 c5 11. f4 h5 12. g4 g6 13. gxh5 Bxe5 14. dxe5 Rxh5 15. Rxh5 Nxh5 16. Qg4 Qe7 17. Nf3 Ng7 18. Ke2 Bd7 19. Ng5 0-0-0 20. Rh1 f5 21. exf6 Qxf6 22. Nh7 Qe7 23. Qxg6 e5 24. Qf6 Qxf6 25. Nxf6 e4 26. Nxd7 exd3+ 0-1

[Event "NZL-ch op 124th"]
[Site "Wellington"]
[Date "2017.01.05"]
[Round "5"]
[White "Post, Martin J"]
[Black "Pomeroy, Arthur"]
[Result "1-0"]
[WhiteElo "1908"]
[BlackElo "2064"]
[PlyCount "99"]
[EventDate "2017.01.01"]
[EventType "swiss"]
[EventRounds "9"]
[EventCountry "NZL"]
[SourceTitle "CBM 176 Extra"]
[Source "ChessBase"]
[SourceDate "2017.03.02"]
[SourceVersion "1"]
[SourceVersionDate "2017.03.02"]
[SourceQuality "1"]

1. Nf3 Nf6 2. b3 g6 3. Bb2 Bg7 4. g3 0-0 5. Bg2 d6 6. 0-0 e5 7. d3 Nc6 8. Nbd2 Bd7 9. e4 Qc8 10. c3 Bh3 11. Qc2 Bxg2 12. Kxg2 a5 13. a4 Nh5 14. Rad1 f5 15. b4 h6 16. b5 Ne7 17. Qb3+ Kh7 18. c4 fxe4 19. dxe4 Qg4 20. h3 Nf4+ 21. Kg1 Nxh3+ 22. Kg2 Nf4+ 23. Kg1 Ne6 24. Kg2 Nf4+ 25. Kg1 Ne6 26. Kg2 Ng8 27. Qe3 h5 28. Nh2 Qg5 29. Qxg5 Nxg5 30. c5 dxc5 31. Nhf3 Nxf3 32. Nxf3 Nf6 33. Ng5+ Kh6 34. Bc1 Rfe8 35. Ne6+ Kh7 36. Nxc7 Nxe4 37. Nxa8 Rxa8 38. Rd7 Kh8 39. Rfd1 Nc3 40. R1d6 e4 41. Rxg6 Bd4 42. Rh6+ Kg8 43. Rxh5 Ne2 44. Be3 Bxe3 45. fxe3 c4 46. Rdh7 Rf8 47. Rh8+ Kg7 48. Rxf8 Kxf8 49. Rc5 c3 50. Kf2 1-0

[Event "Hamilton Waikato op"]
[Site "Hamilton"]
[Date "2016.07.30"]
[Round "2"]
[White "Post, Martin J"]
[Black "Marko, Helmut"]
[Result "0-1"]
[WhiteElo "1881"]
[BlackElo "1950"]
[PlyCount "88"]
[EventDate "2016.07.29"]
[EventType "swiss"]
[EventRounds "6"]
[EventCountry "NZL"]
[SourceTitle "EXT 2018"]
[Source "ChessBase"]
[SourceDate "2017.10.13"]
[SourceVersion "1"]
[SourceVersionDate "2017.10.13"]
[SourceQuality "1"]

1. Nf3 g6 2. c4 Bg7 3. Nc3 c5 4. e3 Nf6 5. d4 b6 6. Be2 d6 7. 0-0 0-0 8. b3 cxd4 9. Nxd4 Bb7 10. Bf3 Qd7 11. Bxb7 Qxb7 12. Bb2 Nbd7 13. Qf3 Qxf3 14. Nxf3 Nc5 15. Rfd1 Rac8 16. Rac1 Rfd8 17. Nd4 a6 18. b4 Ncd7 19. Nd5 Kf8 20. Ba1 e6 21. Nxf6 Bxf6 22. b5 Bxd4 23. Bxd4 a5 24. Bb2 Ke7 25. Ba3 Nc5 26. Rd4 e5 27. Rd5 Ke6 28. f4 e4 29. f5+ Ke7 30. Rd4 gxf5 31. Rf1 Ne6 32. Rd5 f4 33. exf4 Rxc4 34. f5 Nc5 35. f6+ Ke6 36. Rh5 d5 37. Rff5 Nd3 38. Rf1 Rc2 39. Rxh7 Rxa2 40. Be7 Rc8 41. Rg7 Rb2 42. h4 e3 43. Rg3 d4 44. Rg4 e2 0-1

[Event "NZL-ch Major op"]
[Site "Devonport"]
[Date "2016.01.09"]
[Round "8"]
[White "Eade, Don"]
[Black "Post, Martin J"]
[Result "0-1"]
[WhiteElo "1874"]
[BlackElo "1883"]
[PlyCount "63"]
[EventDate "2016.01.02"]
[EventType "swiss"]
[EventRounds "9"]
[EventCountry "NZL"]
[SourceTitle "EXT 2018"]
[Source "ChessBase"]
[SourceDate "2017.10.13"]
[SourceVersion "1"]
[SourceVersionDate "2017.10.13"]
[SourceQuality "1"]

1. e4 d6 2. d4 c6 3. Nc3 g6 4. Be3 Bg7 5. Qd2 Nd7 6. Bd3 Ngf6 7. Nge2 a6 8. f4 Ng4 9. Bg1 e5 10. h3 exd4 11. Nxd4 Qh4+ 12. Kf1 Nh6 13. Re1 0-0 14. Nf3 Qd8 15. Be3 Kh8 16. g4 f6 17. Re2 b5 18. g5 fxg5 19. fxg5 Rxf3+ 20. Kg2 Rxe3 21. Qxe3 Nf7 22. h4 Nde5 23. Rd2 Be6 24. Ne2 Ng4 25. Qf3 Nfe5 26. Qg3 Qb6 27. Kf1 Rf8+ 28. Nf4 Nxd3 29. Rxd3 Bc4 30. Qxg4 Bxd3+ 31. cxd3 Qe3 32. Kg2 0-1

[Event "NZL-ch Major op"]
[Site "Devonport"]
[Date "2016.01.06"]
[Round "5"]
[White "Post, Martin J"]
[Black "George, Sandeep"]
[Result "1-0"]
[WhiteElo "1883"]
[BlackElo "1710"]
[PlyCount "23"]
[EventDate "2016.01.02"]
[EventType "swiss"]
[EventRounds "9"]
[EventCountry "NZL"]
[SourceTitle "EXT 2018"]
[Source "ChessBase"]
[SourceDate "2017.10.13"]
[SourceVersion "1"]
[SourceVersionDate "2017.10.13"]
[SourceQuality "1"]

1. Nf3 Nf6 2. c4 c5 3. Nc3 e6 4. d4 d5 5. Bf4 Na6 6. e3 cxd4 7. exd4 Qa5 8. c5 Nb4 9. a3 Na6 10. b4 Nxb4 11. axb4 Qxb4 12. Bd2 1-0

[Event "NZL-ch Major op"]
[Site "Devonport"]
[Date "2016.01.02"]
[Round "1"]
[White "Post, Martin J"]
[Black "Li, Rodney Xiang Rei"]
[Result "1/2-1/2"]
[WhiteElo "1883"]
[BlackElo "1479"]
[PlyCount "107"]
[EventDate "2016.01.02"]
[EventType "swiss"]
[EventRounds "9"]
[EventCountry "NZL"]
[SourceTitle "EXT 2018"]
[Source "ChessBase"]
[SourceDate "2017.10.13"]
[SourceVersion "1"]
[SourceVersionDate "2017.10.13"]
[SourceQuality "1"]

1. Nf3 d5 2. d4 e6 3. e3 c5 4. c3 Nf6 5. Bd3 Nc6 6. Nbd2 Bd6 7. 0-0 0-0 8. e4 e5 9. exd5 Nxd5 10. Ne4 cxd4 11. cxd4 Nxd4 12. Nxd4 exd4 13. Bg5 Be7 14. Qh5 Bxg5 15. Nxg5 h6 16. Ne4 Nf4 17. Qf3 Nxd3 18. Qxd3 Qb6 19. Rfd1 Rd8 20. Rd2 Be6 21. Ng3 Rac8 22. Rc2 Rxc2 23. Qxc2 d3 24. Qd2 Qc7 25. Rc1 Qxc1+ 26. Qxc1 d2 27. Qd1 Bxa2 28. Ne4 Bb3 29. Qxd2 Rxd2 30. Nxd2 Bd5 31. g3 Kf8 32. Kf1 Ke7 33. Ke2 Kd6 34. Kd3 Kc5 35. Kc3 a5 36. Nf1 b5 37. Ne3 b4+ 38. Kc2 a4 39. Kb1 a3 40. bxa3 bxa3 41. f4 g5 42. fxg5 hxg5 43. h4 gxh4 44. gxh4 Kd6 45. h5 Bc6 46. Ka2 Ke6 47. Kxa3 Kf6 48. Ng4+ Kg5 49. Ne5 f5 50. Nxc6 f4 51. Nd4 Kxh5 52. Kb3 Kg4 53. Kc3 f3 54. Nxf3 1/2-1/2

[Event "Auckland North Shore op 42nd"]
[Site "Auckland"]
[Date "2015.09.19"]
[Round "1"]
[White "Duneas, John"]
[Black "Post, Martin J"]
[Result "1-0"]
[WhiteElo "2040"]
[BlackElo "1887"]
[PlyCount "93"]
[EventDate "2015.09.19"]
[EventType "swiss"]
[EventRounds "5"]
[EventCountry "NZL"]
[SourceTitle "EXT 2016"]
[Source "ChessBase"]
[SourceDate "2015.10.08"]
[SourceVersion "1"]
[SourceVersionDate "2015.10.08"]
[SourceQuality "1"]

1. d4 Nf6 2. c4 c5 3. d5 e6 4. Nc3 exd5 5. cxd5 d6 6. Nf3 g6 7. g3 Bg7 8. Bg2 0-0 9. 0-0 Na6 10. Nd2 Nc7 11. a4 Rb8 12. Nc4 a6 13. Bf4 Nce8 14. Qd2 b5 15. axb5 axb5 16. Na5 b4 17. Ne4 Nxe4 18. Bxe4 Qf6 19. Nc6 Rb6 20. Rab1 h6 21. Bxh6 Bxh6 22. Qxh6 Ba6 23. Bf3 Nc7 24. h4 Re8 25. Rfe1 Bc4 26. Qd2 Bb5 27. Na5 Ra8 28. Nb3 Bc4 29. Nc1 Qf5 30. Nd3 Bxd5 31. Nf4 Bxf3 32. exf3 Rd8 33. Ra1 Ne6 34. Nxe6 fxe6 35. Ra7 Rdb8 36. Qe3 e5 37. Qb3+ Kf8 38. Qd5 Re8 39. Rh7 Qe6 40. Qd2 Kg8 41. Rh6 Qf7 42. Qg5 Kg7 43. h5 Re6 44. Ra1 Rb7 45. Ra8 Qf6 46. Rxg6+ Qxg6 47. hxg6 1-0

[Event "Queensland-ch"]
[Site "Brisbane"]
[Date "2013.10.06"]
[Round "7"]
[White "McClymont, Brodie"]
[Black "Post, Martin J"]
[Result "1-0"]
[WhiteElo "2243"]
[BlackElo "1999"]
[PlyCount "45"]
[EventDate "2013.10.03"]
[EventType "swiss"]
[EventRounds "9"]
[EventCountry "AUS"]
[SourceTitle "CBM 157 Extra"]
[Source "ChessBase"]
[SourceDate "2013.12.19"]
[SourceVersion "1"]
[SourceVersionDate "2013.12.19"]
[SourceQuality "1"]

1. e4 c5 2. Nf3 d6 3. d4 cxd4 4. Nxd4 Nc6 5. c4 Nf6 6. Nc3 e6 7. Be2 Be7 8. 0-0 Bd7 9. Ndb5 Qb8 10. Bf4 e5 11. Be3 a6 12. Na3 Be6 13. Qd3 0-0 14. Nd5 Bxd5 15. cxd5 Na7 16. Nc4 Nc8 17. a4 h6 18. Ra3 Rd8 19. Rb3 b5 20. axb5 axb5 21. Na3 b4 22. Nc2 Ra4 23. Bd2 1-0

[Event "Queensland-ch"]
[Site "Brisbane"]
[Date "2013.10.05"]
[Round "5"]
[White "Jule, Alexandra"]
[Black "Post, Martin J"]
[Result "0-1"]
[WhiteElo "1948"]
[BlackElo "1999"]
[PlyCount "70"]
[EventDate "2013.10.03"]
[EventType "swiss"]
[EventRounds "9"]
[EventCountry "AUS"]
[SourceTitle "CBM 157 Extra"]
[Source "ChessBase"]
[SourceDate "2013.12.19"]
[SourceVersion "1"]
[SourceVersionDate "2013.12.19"]
[SourceQuality "1"]

1. d4 d6 2. Nf3 Nf6 3. g3 g6 4. Bg2 Bg7 5. 0-0 0-0 6. c4 Nbd7 7. Nc3 c6 8. h3 a6 9. Re1 Rb8 10. e4 e5 11. Be3 b6 12. Qc2 Qc7 13. Rad1 exd4 14. Nxd4 Ne5 15. b3 c5 16. Nde2 b5 17. f4 Nc6 18. e5 dxe5 19. Bxc5 Nd4 20. Bxd4 exd4 21. Nxd4 Qc5 22. Kh2 bxc4 23. Na4 Qa3 24. Qxc4 Rb4 25. Nc2 Rxc4 26. Nxa3 Rc7 27. Rd6 Re8 28. Rxe8+ Nxe8 29. Rb6 Bd4 30. Rb8 Nd6 31. Nb6 Rc1 32. Bd5 Kg7 33. Nxc8 Nxc8 34. Nc4 Ne7 35. Bg2 Bg1+ 0-1

[Event "Queensland-ch"]
[Site "Brisbane"]
[Date "2012.09.29"]
[Round "4"]
[White "Castor, David"]
[Black "Post, Martin J"]
[Result "1-0"]
[WhiteElo "2103"]
[BlackElo "2042"]
[PlyCount "83"]
[EventDate "2012.09.27"]
[EventType "swiss"]
[EventRounds "9"]
[EventCountry "AUS"]
[SourceTitle "EXT 2013"]
[Source "ChessBase"]
[SourceDate "2012.11.22"]
[SourceVersion "1"]
[SourceVersionDate "2012.11.22"]
[SourceQuality "1"]

1. d4 Nf6 2. Bg5 Ne4 3. Bf4 c5 4. f3 Nf6 5. dxc5 Qa5+ 6. Qd2 Qxc5 7. e4 Nc6 8. Nc3 d6 9. Be3 Qa5 10. Bc4 Ne5 11. Bb3 Bd7 12. Nge2 Rc8 13. 0-0-0 Nc4 14. Bxc4 Rxc4 15. Kb1 Qa6 16. Qd3 h6 17. Bxa7 e6 18. Bf2 Be7 19. Bg3 e5 20. Bh4 g5 21. Bf2 b5 22. b3 0-0 23. bxc4 bxc4 24. Qe3 Ra8 25. Ka1 Be6 26. Qb6 Qa3 27. Qb2 Qa6 28. Rb1 Nd7 29. Qb7 Qa3 30. Rb5 d5 31. exd5 Bf5 32. Rhb1 Bf6 33. R1b2 e4 34. fxe4 Bxe4 35. Bd4 Bxd4 36. Nxd4 Qxc3 37. Qxa8+ Kh7 38. Qa7 Ne5 39. Nc6 Qe1+ 40. Rb1 Qc3+ 41. R5b2 Ng6 42. Qxf7+ 1-0

[Event "Queensland op"]
[Site "Brisbane"]
[Date "2011.04.25"]
[Round "8"]
[White "Lovejoy, David W"]
[Black "Post, Martin J"]
[Result "1/2-1/2"]
[WhiteElo "1952"]
[BlackElo "2047"]
[PlyCount "77"]
[EventDate "2011.04.22"]
[EventType "tourn"]
[EventRounds "11"]
[EventCountry "AUS"]
[SourceTitle "EXT 2023"]
[Source "ChessBase"]
[SourceDate "2022.10.05"]
[SourceVersion "1"]
[SourceVersionDate "2022.10.05"]
[SourceQuality "1"]

1. e4 c5 2. Nc3 e6 3. Nf3 d5 4. d4 dxe4 5. Nxe4 cxd4 6. Nxd4 Nf6 7. Nxf6+ Qxf6 8. Nb5 Qe5+ 9. Qe2 Bb4+ 10. c3 Qxe2+ 11. Bxe2 Ba5 12. Nd6+ Ke7 13. Bf4 Nc6 14. Nc4 Bd8 15. 0-0-0 Kf6 16. h4 h6 17. Bg5+ Kg6 18. Bxd8 Nxd8 19. Ne5+ Kf6 20. f4 b6 21. Bf3 Rb8 22. Rd7 Bb7 23. Bxb7 Rxb7 24. Rhd1 Rxd7 25. Rxd7 g5 26. g3 gxf4 27. gxf4 a5 28. Kd2 Rf8 29. Ke3 Kf5 30. Rd6 f6 31. Nd7 Rg8 32. Rxb6 Rg3+ 33. Kf2 Kxf4 34. Nxf6 Rh3 35. Rd6 Ke5 36. Rxd8 Kxf6 37. Ra8 Rxh4 38. Rxa5 Rh2+ 39. Kf3 1/2-1/2

[Event "NZL-ch Major op"]
[Site "Auckland"]
[Date "2011.01.12"]
[Round "11"]
[White "Post, Martin J"]
[Black "Wu, Eric"]
[Result "1/2-1/2"]
[WhiteElo "1931"]
[BlackElo "1624"]
[PlyCount "103"]
[EventDate "2011.01.02"]
[EventType "swiss"]
[EventRounds "11"]
[EventCountry "NZL"]
[SourceTitle "EXT 2018"]
[Source "ChessBase"]
[SourceDate "2017.10.13"]
[SourceVersion "1"]
[SourceVersionDate "2017.10.13"]
[SourceQuality "1"]

1. d4 f5 2. g3 Nf6 3. Bg2 g6 4. c4 Bg7 5. Nc3 0-0 6. e4 fxe4 7. Nxe4 Nxe4 8. Bxe4 c5 9. d5 d6 10. Ne2 Bh3 11. Nf4 Qc8 12. Qe2 Na6 13. Ne6 Bxe6 14. dxe6 Nb8 15. f4 Nc6 16. Be3 Kh8 17. Qg4 Rf6 18. f5 gxf5 19. Bxf5 Qg8 20. 0-0 Bh6 21. Qxg8+ Kxg8 22. Bxh6 Rxh6 23. Be4 Rf8 24. Rxf8+ Kxf8 25. Rf1+ Ke8 26. Kg2 Ne5 27. b3 Ng4 28. Kg1 Nxh2 29. Rf4 b6 30. Rh4 Rxh4 31. gxh4 Ng4 32. Bxh7 Kf8 33. Kg2 Kg7 34. Be4 Ne3+ 35. Kf3 Nd1 36. Kf4 Nc3 37. a4 Na2 38. Bc2 Kh6 39. Bd1 Nc1 40. Ke3 Na2 41. Bf3 Kg6 42. Bg4 Kf6 43. Kd3 Nc1+ 44. Kc2 Na2 45. Kb2 Nb4 46. h5 Nc6 47. Kc3 Nd8 48. b4 Kg5 49. bxc5 bxc5 50. Bf3 Nxe6 51. Kd3 Nd4 52. Bd1 1/2-1/2